000 00857nam a2200277 a 4500
005 20200104041512.0
008 140221t1957 -usa fr|||| 001 0 eng d
040 _aCO-BoIAVH
_cCO-BoIAVH
041 0 _aeng
044 _axxu
082 0 4 _a571.92
_bW17p
100 1 _aWalker, John Charles
245 1 _aPlant pathology /
_cJohn Charles Walker
250 _aTercera Edición
260 _aEstados Unidos :
_bMcGRAW-Hill Book Company ,
_cc1957.
300 _a819 páginas :
_bIlustraciones ;
_c24 x16 cm.
650 0 6 _aPatología vegetal
650 0 6 _aFitopatología
650 0 6 _aEnfermedades de plantas
650 0 6 _aBotánica
_xPatógenos
650 0 6 _aBotánica
_xBacterias
650 0 6 _aBotánica
650 0 6 _aVirus
_xBotánica
650 0 6 _aInteracción biológica
942 _cLIBRO
_2ddc
999 _c569
_d569